Energia naša každodenná
Využívanie obnoviteľných zdrojov energie dáva hospodárstvu nové impulzy. Perspektívy využívania energie na Slovensku. Biomasa. Vodná energia. Geotermálna energia. Slnečná a veterná energia. Toky energie vo fyzicko-geografickej sfére a v jej okolí. Využiteľnosť hydroenergetického potenciálu na sloven...
Salvato in:
| Autore principale: | |
|---|---|
| Natura: | Capitolo di libro |
| Lingua: | slovacco |
| Soggetti: | |
| Tags: |
Nessun Tag, puoi essere il primo ad aggiungerne!!
|
MARC
| LEADER | 00000naa a2200000 4500 | ||
|---|---|---|---|
| 001 | r041125 | ||
| 005 | 20230920072623.2 | ||
| 041 | 0 | |a slo | |
| 044 | |a SK | ||
| 245 | 1 | 0 | |a Energia naša každodenná |c Gejza Pinter |
| 520 | |a Využívanie obnoviteľných zdrojov energie dáva hospodárstvu nové impulzy. Perspektívy využívania energie na Slovensku. Biomasa. Vodná energia. Geotermálna energia. Slnečná a veterná energia. Toky energie vo fyzicko-geografickej sfére a v jej okolí. Využiteľnosť hydroenergetického potenciálu na slovenských tokoch. | ||
| 610 | 2 | 0 | |a energetika |
| 610 | 2 | 0 | |a zdroje energie obnoviteľné |
| 610 | 2 | 0 | |a energia slnečná |
| 610 | 2 | 0 | |a energia tepelná |
| 610 | 2 | 0 | |a energia veterná |
| 610 | 2 | 0 | |a energia vodná |
| 610 | 2 | 0 | |a ekológia |
| 610 | 2 | 0 | |a využitie energie |
| 610 | 2 | 0 | |a využitie zdrojov prírodných |
| 610 | 2 | 0 | |a bioenergetika |
| 610 | 2 | 0 | |a Slovensko |
| 100 | 1 | |a Pinter, Gejza | |